|
|
|
|
| LEADER |
02046nam a2200505 i 4500 |
| 001 |
nkc20203215016 |
| 003 |
CZ PrNK |
| 005 |
20200805143539.0 |
| 007 |
ta |
| 008 |
200415s2020 xr a e p 000 0 cze |
| 015 |
|
|
|a cnb003215016
|
| 020 |
|
|
|a 978-80-213-3018-4
|q (brožováno) :
|c Kč 140,00
|
| 035 |
|
|
|a (OCoLC)1200257016
|
| 040 |
|
|
|a OLA001
|b cze
|e rda
|
| 072 |
|
7 |
|a 612
|x Fyziologie člověka a srovnávací fyziologie
|2 Konspekt
|9 14
|
| 072 |
|
7 |
|a 37.016
|x Učební osnovy. Vyučovací předměty. Učebnice
|2 Konspekt
|9 22
|
| 080 |
|
|
|a 612.39
|2 MRF
|
| 080 |
|
|
|a 613.2
|2 MRF
|
| 080 |
|
|
|a 612.015.3
|2 MRF
|
| 080 |
|
|
|a (075.8)
|2 MRF
|
| 100 |
1 |
|
|a Marounek, Milan,
|d 1946-
|7 uzp2009504210
|4 aut
|
| 245 |
1 |
0 |
|a Živiny a živinové potřeby člověka :
|b učebnice pro studenty ČZU v Praze /
|c Milan Marounek, Jaroslav Havlík
|
| 250 |
|
|
|a 3. vydání
|
| 264 |
|
1 |
|a Praha :
|b Česká zemědělská univerzita v Praze,
|c 2020
|
| 300 |
|
|
|a 157 stran :
|b ilustrace (některé barevné) ;
|c 29 cm
|
| 336 |
|
|
|a text
|b txt
|2 rdacontent
|
| 337 |
|
|
|a bez média
|b n
|2 rdamedia
|
| 338 |
|
|
|a svazek
|b nc
|2 rdacarrier
|
| 500 |
|
|
|a Nad názvem: Česká zemědělská univerzita v Praze, Fakulta agrobiologie, potravinových a přírodních zdrojů
|
| 500 |
|
|
|a 150 výtisků
|
| 650 |
0 |
7 |
|a výživa člověka
|7 ph127487
|2 czenas
|
| 650 |
0 |
7 |
|a hygiena výživy
|7 ph120989
|2 czenas
|
| 650 |
0 |
7 |
|a metabolismus
|7 ph115265
|2 czenas
|
| 650 |
0 |
9 |
|a human nutrition
|2 eczenas
|
| 650 |
0 |
9 |
|a nutrition hygiene
|2 eczenas
|
| 650 |
0 |
9 |
|a metabolism
|2 eczenas
|
| 655 |
|
7 |
|a učebnice vysokých škol
|7 fd133772
|2 czenas
|
| 655 |
|
9 |
|a textbooks (higher)
|2 eczenas
|
| 700 |
1 |
|
|a Havlík, Jaroslav,
|d 1978-
|7 uzp2010609524
|4 aut
|
| 710 |
2 |
|
|a Česká zemědělská univerzita v Praze.
|b Fakulta agrobiologie, potravinových a přírodních zdrojů
|7 ko2005264397
|4 isb
|
| 910 |
2 |
|
|a BOA001
|b 4-1449.712
|
| 990 |
|
|
|a BK
|
| 995 |
|
|
|a 01
|
| 991 |
|
|
|b 202008
|c NOV
|
| 996 |
6 |
|
|b 2610830642
|c 4-1449.712
|l MZK
|r Sklad / do 1 hodiny
|n 6
|p p.v.
|w 001813898
|u 000010
|a 1
|e BOA001
|j MZK50
|s P
|